Strategic management : creating value in a turbulent world /

Bibliographic Details
Main Author: Fitzroy, Peter
Format: Book
Published: London: John Wiley & Sons,Inc., 2005.
Subjects:
CN
LEADER 00531cam a2200181 7i4500
001 0000017929
005 20151104090000.0
005 ##20151104121200.0
003 ##MY-KlINT
020 # # |a 0470857315  
039 # 9 |y 201511041212  |z VLOAD 
090 0 0 |a CN   |b FIT 
100 1 # |a Fitzroy, Peter 
245 1 0 |a Strategic management :   |b creating value in a turbulent world /   |c by Peter Fitzroy and James M. Hulbert. 
260 # # |a London:   |b John Wiley & Sons,Inc.,   |c 2005. 
300 # # |a xvi,432p.:   |b ill.;   |c ol.;   |c 25cm. 
500 # # |a Includes index 
650 # 0 |a CN